Normal view
MARC view
- Muhammed Shibili T K
Entry Personal Name
001 - CONTROL NUMBER
- control field: 6196
003 - CONTROL NUMBER IDENTIFIER
- control field: OSt
005 - DATE AND TIME OF LATEST TRANSACTION
- control field: 20240626114433.0
008 - FIXED-LENGTH DATA ELEMENTS
- fixed length control field: 240626|| aca||aabn | a|a d
040 ## - CATALOGING SOURCE
- Original cataloging agency: OSt
- Transcribing agency: OSt
100 ## - HEADING--PERSONAL NAME
- Personal name: Muhammed Shibili T K
670 ## - SOURCE DATA FOUND
- Source citation: Work cat.: (OSt)18086: Archana A P 6195, Geophysical techniques for aquifer characteristic studies - a case study of Perumatty grama panchayath in Kerala /, 2024.
